000 00271nam a2200109Ia 4500
008 190216s9999||||xx |||||||||||||| ||und||
100 _aNarayanan
245 0 _aRe-Interpretations In South Indian History
260 _bCollege Book House
650 _aHistory
942 _cBK
999 _c20127
_d20127